| 000 | 01032nam a2200241 a 4500 | ||
|---|---|---|---|
| 003 | EG-GiCUC | ||
| 008 | 061015s2001 ua fo g 000 0 ara d | ||
| 040 |
_aEG-GiCUC _bara _cEG-GiCUC |
||
| 043 | _af-sj--- | ||
| 092 | 0 | 4 |
_a610.92 _bS2758 _221 |
| 099 |
_a04 _a610.92 S2758 |
||
| 100 | 1 | _aالسيد : ايمن كمال امين | |
| 245 | 1 | 0 |
_aفى رحاب رجالات الحركة الوطنية السودانية : _bالدكتور امين السيد سيرته ودوره فى تطور الخدمات الطبية خلال الفترة 1954-1958 / _cايمن كمال امين السيد |
| 250 | _aط1 | ||
| 260 |
_aالقاهرة : _bمطبعة ندى الحديثة بالقاهرة : _c2001 |
||
| 300 |
_a154ص : [11] ورقة لوحات : _bصور ؛ _c30سم |
||
| 504 | _aيشتمل على ارجاعات ببليوجرافية | ||
| 600 | 1 | 0 | _aالسيد : ايمن كمال امين |
| 610 | 1 | 0 |
_aالسودان. _bوزارة الصحة |
| 902 | _a1 | ||
| 905 |
_aشكرية _eمدخل |
||
| 942 |
_2ddc _cBK |
||
| 999 |
_c87430 _d87430 |
||